Score 0/10 Timer 01:00
0 Plays Today
% Correct
Arabian
92.3%
Shetland
91.2%
Clydesdale
88.8%
Thoroughbred
88.4%
Appaloosa
88.3%
Andalusian
78.7%
Friesian
72.4%
Icelandic
67.8%
Haflinger
65.3%
Exmoor
55.2%

Today's Daily Dose

Word Ladder
I Have a Dream

Get the Picture
January Holidays

Remove Ads.
Support Sporcle.
Get the best of Sporcle when you Go Orange. This ad-free experience offers more features, more stats, and more fun while also helping to support Sporcle. Thank you for becoming a member.

You're not logged in!

Compare scores with friends on all Sporcle quizzes.
OR
Log In

Show Comments

Extras

Top Quizzes Today


Score Distribution

Your Account Isn't Verified!

In order to create a playlist on Sporcle, you need to verify the email address you used during registration. Go to your Sporcle Settings to finish the process.

Report this User

Report this user for behavior that violates our Community Guidelines.

Details: